| 000 | 00480nam a2200181Ia 4500 | ||
|---|---|---|---|
| 001 | 43902 | ||
| 008 | 140425s9999 xx 000 0 und d | ||
| 020 | _a0954892917 | ||
| 040 | _cPK-LaUMT | ||
| 082 |
_aRHC 320.954 _bAUT- |
||
| 100 | _aUsman Khalid | ||
| 245 |
_aAuthentic voices of South Asia _cUsman Khalid |
||
| 260 |
_aLondon,UK: _bLondon Institute of South Asia, _c2005 |
||
| 300 | _a354 p. | ||
| 546 | _aEN | ||
| 650 | _aSouth Asia-Politics and government | ||
| 942 | _cBK | ||
| 999 |
_c41902 _d41902 |
||